| 000 | 00680cam a22002171 4500 | ||
|---|---|---|---|
| 001 | he 65000817 | ||
| 003 | DLC | ||
| 005 | 20260227111431.0 | ||
| 008 | 840604s1942 is 000 0 heb | ||
| 010 | _ahe 65000817 | ||
| 035 | _a(OCoLC)19153659 | ||
| 040 |
_aDLC _cMH _dDLC |
||
| 042 | _apremarc | ||
| 050 | 0 | 0 |
_aDS151.U75 _bK53 |
| 100 | 1 |
_aKlausner, Joseph, _d1874-1958. |
|
| 245 | 1 | 0 |
_aMenaḥem Usishḳin : _btoldotaṿ u-mifʻal ḥayaṿ. |
| 260 |
_aJerusalem : _bha-Lishkah ha-rashit shel ha-Ḳeren ha-ḳayemet le-Yiśraʼel _c[1942] |
||
| 300 |
_a103 p. : _bill., ports. ; _c17 cm. |
||
| 600 | 1 | 0 |
_aUssishkin, Menahem Mendel, _d1863-1941. |
| 752 |
_aIsrael _dJerusalem |
||
| 999 |
_c31163 _d31163 |
||